Sixth schedule to the Constitution / (Record no. 67219)

MARC details
000 -LEADER
fixed length control field 00495nam a22001697a 4500
005 - DATE AND TIME OF LATEST TRANSACTION
control field 20180731130147.0
020 ## - INTERNATIONAL STANDARD BOOK NUMBER
International Standard Book Number 8175344644
Terms of availability 00
035 ## - SYSTEM CONTROL NUMBER
System control number B-167994, B-167995
037 ## - SOURCE OF ACQUISITION
Stock number DPL
Source of stock number/acquisition ENG
100 ## - MAIN ENTRY--PERSONAL NAME
Personal name Hansaria, B L.
245 ## - TITLE STATEMENT
Title Sixth schedule to the Constitution /
Statement of responsibility, etc by B L Hansaria
250 ## - EDITION STATEMENT
Edition statement 2nd ed.
260 ## - PUBLICATION, DISTRIBUTION, ETC. (IMPRINT)
Place of publication, distribution, etc New Delhi
Name of publisher, distributor, etc Universal Law Publishing Co.
Date of publication, distribution, etc 2005
300 ## - PHYSICAL DESCRIPTION
Extent xx, 563p.
Dimensions 22 cms.
700 ## - ADDED ENTRY--PERSONAL NAME
Personal name Hansaria, Vijay
9 (RLIN) 48014
942 ## - ADDED ENTRY ELEMENTS (KOHA)
Source of classification or shelving scheme Dewey Decimal Classification
Item type English Books
Classification part 342.54
Call number suffix HAN
Holdings
Withdrawn status Lost status Not for loan Collection code Home library Current library Date acquired Cost, normal purchase price Full call number Barcode Cost, replacement price Koha item type Source of acquisition
      Non-fiction Sarojini Nagar Sarojini Nagar 26/05/2012 0.00 342.54 HAN B-167994 0.00 English Books  
      Non-fiction Shahdara Branch Shahdara Branch 31/07/2018 0.00 342.54 HAN B-167995 0.00 English Books BPPD/PUB

© Delhi Public Library
Hit Counter
free hit counter